| 000 | 00902cam a2200241 4500 | ||
|---|---|---|---|
| 001 | E11306 | ||
| 008 | 000000n2003 000 0 eng u | ||
| 022 | _a0260-6216 | ||
| 035 | _a(Sirsi) u124039 | ||
| 041 | _aeng | ||
| 050 |
_a692.5 _c18 |
||
| 110 |
_aBuilding Cost Information Service _91096 |
||
| 245 |
_aBCIS quarterly review of building prices _bissue 91 (October 2003) |
||
| 260 |
_aLondon _bBCIS _c2003 |
||
| 300 |
_a1pt. _c30cm. |
||
| 350 | _a295.00 | ||
| 520 | _aThis item is part of a subscription service and cannot be photocopied. Neither can be any part of it be read out over the phone. Please contact BCIS direct on +44 (0)20 7695 1500 for details. | ||
| 650 | _aBUILT ENVIRONMENT-BUILDING COSTS | ||
| 650 | _aQUARTERLY REVIEW OF BUILDING PRICES | ||
| 650 | _aBUILT ENVIRONMENT-BUILDING COSTS-REINSTATEMENT COSTS | ||
| 690 | _aBUILT ENVIRONMENT-BUILDING COSTS | ||
| 942 | _n0 | ||
| 999 |
_c103130 _d103130 |
||